00774nam a2200229 i 4500003000900000005001700009007000300026008004100029020001800070040003000088041000800118082001900126100004700145245006900192264007300261300002600334336002700360337003300387338002800420500005700448504003900505DO-SdBNP20250616101756.0ta250513b2024 dr ||||| |||| 00| 0 spa d a9789945654790 aDO-SdBNPbspacBNPHUerda aspa 4axxxbL493m222 aDelgado Lebrón, Luz Nereidaeautor4aut.14aLas mujeres asaltan la historia /cLuz Nereida Lebrón Delgado. 1aSanto Domingo, República Dominicana :bEditorial Santuario,c2024. a247 paginas ;c23 cm. atextobtxt2rdacontent asin mediaciónbn2rdamedia avolumenbnc2rdacarrier aIncluye datos biográficos del autor en las solapas aBibliografía : páginas 243-247